| 000 | 00479nam a2200181Ia 4500 | ||
|---|---|---|---|
| 001 | 7848 | ||
| 005 | 20260306160525.0 | ||
| 008 | 260306t2000||||xx |||||||||||||| ||spa|| | ||
| 041 | _aESP | ||
| 082 |
_a363.1 _bI59 |
||
| 100 |
_aInstituto Interamericano de Derechos Humanos _eAUT |
||
| 245 | 0 |
_aCitizen Security in Central América: _bSituational Diagnoses |
|
| 260 | _c2000 | ||
| 300 |
_a258 páginas : _c21 cm. |
||
| 650 | _aGEN | ||
| 654 | _aCAN | ||
| 942 |
_cLIB _dJUS _fJUS _2ddc _n |
||
| 999 |
_c7848 _d7848 |
||